| 000 | 01039naa a22002777a 4500 | ||
|---|---|---|---|
| 001 | BR7802801 | ||
| 003 | BR-BrBNA | ||
| 005 | 20250714162941.0 | ||
| 007 | ta | ||
| 008 | 250630b bl.|||m| |||| 00| 0 por d | ||
| 040 |
_aBR-BrBNA _bpor _cBiblioteca Nacional de Agricultura |
||
| 041 | _a(Pt) | ||
| 072 |
_aP36 _b/G514 |
||
| 090 | _aP36 BR7802801 | ||
| 100 | 1 | _aMazuchowski, J.Z. | |
| 111 | 1 |
_aSeminario de Uso e Manejo das Terras _cManaus, AM (Brazil) _d4 Jul 1977 |
|
| 245 | 1 | _aA erosao: o problema e seu equacionamento [Conservacao do solo; Amazonas] | |
| 500 | _aSeminario de uso e manejo das terras. Resumo das palestras Manaus, AM (Brasil): 1977. p. 32-38 (BR7802801-AMS) | ||
| 773 | 0 |
_tSeminario de uso e manejo das terras. Resumo das palestras _wP36 BR7802801 _gManaus, AM (Brasil), 1977. p. 32-38 |
|
| 650 | _aEROSAO DO SOLO | ||
| 650 | _aCONSERVACAO DO SOLO | ||
| 650 | _aAMAZONAS | ||
| 490 |
_aSerie Distrito Agropecuario da SUFRAMA (Brazil) _vno. 6 |
||
| 942 |
_cAMS _2AGRIS |
||
| 909 |
_a202506 _bLúcia _c55 _dLúcia Elande |
||
| 999 |
_c333078 _d333078 |
||